SHL-joukkueet: logovisa - Statistics

Yleistilastot
  • Tätä visaa on pelattu 46 kertaa
  • Keskiarvotulos 7 / 14
Vastaustilastot
Kuvavisa Hint Vastaus % Oikein
Jönköping HV71
88%
Gävle Brynäs IF
69%
Ängelholm Rögle BK
69%
Göteborg Frölunda HC
62%
Luulaja Luleå HF
62%
Örnsköldsvik Modo Hockey
60%
Timrå Timrå IK
57%
Växjö Växjö Lakers HC
57%
Malmö Malmö Redhawks
52%
Karlstad Färjestad BK
40%
Skellefteå Skellefteå AIK
38%
Linköping Linköping HC
24%
Örebro Örebro HK
17%
Leksand Leksands IF
12%
Ehtoja vastaavia visoja ei löytynyt
Tulosjakauma
Jokaisen tuloksen saaneiden osuus
Persentiili vastausten määrän mukaan
Tuloshistoriasi
Et ole pelannut tätä visaa